Statistics for Potluck Geography Scramble #3

Click here to take the quiz!

General Stats

  • This quiz has been taken 271 times
  • The average score is 11 of 18

Answer Stats

CategoryAnswer% Correct
Canadian CityCalgary
96%
DesertSahara
90%
Native American TribeSioux
90%
European CityGlasgow
88%
PlanetNeptune
88%
CountryBelarus
84%
IslandHonshu
79%
CurrencyShekel
66%
LakeBaikal
61%
RiverDanube
54%
US StateMaryland
48%
World Capital CityNairobi
40%
Mountain RangePyrenees
40%
MoonEuropa
39%
AirlineLufthansa
36%
Ancient CityCarthage
25%
LanguagePersian
17%
Chinese ProvinceSichuan
16%

Score Distribution

Percentile by Number Answered

Percent of People with Each Score

Your Score History

You have not taken this quiz